banner-ar

ما زاويتك يا فيثاغورس ؟ : (Record no. 61446)

MARC details
000 -الفاتح
حقل البيانات ثابتة الطول 01086nam a22002777a 4500
005 - وقت وتاريخ اخر تعامل مع التسجيلة
رقم الضبط 20240530110459.0
008 - عناصر البيانات ثابتة الطول - معلومات عامة
حقل البيانات ثابتة الطول 150625s2010 ua ao a 000 j ara d
017 ## - رقم الايداع القانونى
رقم الايداع القانونى 2009/22314
المصدر ( الهيئة المختصة) مصر . دار الكتب المصرية
020 ## - الرقم الدولى المعيارى للكتب
الرقم الدولى المعيارى للكتاب 9776171214
040 ## - مصدر الفهرسة
وكالة الفهرسة الأصلية EG-CaGPL
082 04 - رقم تصنيف ديوى العشرى
رقم الطبعة 21
رقم التصنيف 813.02
رقم المادة ط/إ م
100 1# - المدخل الرئيسى - إسم شخصى
الإسم الشخصى اليس ، جولى
245 10 - بيان العنوان
العنوان ما زاويتك يا فيثاغورس ؟ :
بقية العنوان مغامرة فى الرياضيات /
بيان المسئوليه,etc تاليف جولى اليس ؛ رسومات فيليس هور نونج ؛ ترجمة نادية الخولى
250 ## - بيان الطبعة
بيان الطبعة ط1
260 ## - PUBLICATION, DISTRIBUTION, ETC. (IMPRINT)
تاريخ النشر أو التوزيع 2010 .
300 ## - الوصف المادى
التعداد ( د.ت ) :
تفاصيل ماديه اخرى للوعاء صور ؛
أبعاد الوعاء 20 سم .
600 04 - المدخل الاضافى بالموضوع-اسم شخصى
الإسم الشخصى فيثاهورس
650 04 - المدخل الاضافى بالموضوع-مصطلح موضوعى
مصطلح موضوعي ادب الاطفال
650 04 - المدخل الاضافى بالموضوع-مصطلح موضوعى
مصطلح موضوعي تعليم الاطفال
650 04 - المدخل الاضافى بالموضوع-مصطلح موضوعى
مصطلح موضوعي القصص القصيرة
650 04 - المدخل الاضافى بالموضوع-مصطلح موضوعى
مصطلح موضوعي الرياضيات
700 1# - المدخل الاضافى - اسم شخصى
الإسم الشخصى نونج ، فيليس هور
الدور رسام
700 0# - المدخل الاضافى - اسم شخصى
الإسم الشخصى نادية الخولى
الدور مترجم
942 ## - عناصر المدخل الإضافي( كوها)
مصدر التصنيف او مخطط الترفيف Dewey Decimal Classification
Koha [default] item type كتاب
260 ## - PUBLICATION, DISTRIBUTION, ETC. (IMPRINT)
-- القاهرة :
-- دار البلسم للنشر و التوزيع ،
Holdings
حالة التراجع حالة الفقد حالة تلف ليس للاعارة المكان المؤقت الموقع الحالى تاريخ الاكتساب اجمالي اﻻعارات رقم الطلب الباركود تاريخ اخر مشاهدة تاريخ تفعيل السعر نوع وعاء كوها
        مكتبة القاهرة الكبرى مكتبة القاهرة الكبرى 06/25/2015   813.02 ط/إ م 160743 06/25/2015 06/25/2015 كتاب

Powered By

EGPV